| 000 | 00832nam a2200217Ia 4500 | ||
|---|---|---|---|
| 003 | GCL | ||
| 008 | 140319s9999 xx 000 0 ara d | ||
| 040 |
_aGCL / _cGCL |
||
| 082 | 0 | 4 |
_a349.2 _bأ ت |
| 100 | 1 | _aاحمد حافظ نجم | |
| 245 | 1 | 0 |
_aترتيب الوظائف العامة وتوصيفها وتقويمها : _bدراسة نظرية وتطبيقية مقارنة للنظم الحالية والسابقة / _cاحمد حافظ نجم |
| 250 | _aالاولى | ||
| 260 |
_aالقاهرة : _bدار الفكر اللبنانى ، _c1979 |
||
| 300 |
_a368 ص ؛ _c24 سم |
||
| 650 | 0 | 4 | _aالقانون الادارى |
| 650 | 0 | 4 | _aالقانون المقارن |
| 650 | 0 | 4 | _aالوظائف |
| 650 | 0 | 4 | _aتوصيف الوظائف |
| 650 | 0 | 4 | _aالقانون الادارى المقارن |
| 942 |
_2ddc _cBK |
||
| 999 |
_c5050 _d5050 |
||